| 000 | 01954nam a2200457Ii 4500 | ||
|---|---|---|---|
| 001 | DIGUDROS0227 | ||
| 003 | NyNyDIG | ||
| 008 | 170929s2012 ck ob 000 0 spa d | ||
| 006 | m o d | ||
| 007 | cr ||||||||||| | ||
| 035 | _a(OCoLC)944916531 | ||
| 040 |
_aDGITA _beng _erda _epn _cDGITA |
||
| 020 | _z9789587382983 | ||
| 020 | _z9587382986 | ||
| 043 | _as-ck--- | ||
| 050 | 1 | 4 | _aKHH3436 ebook |
| 082 | 0 | 4 | _a344.861031 |
| 100 | 1 |
_aDueñas Ruiz, Oscar José, _eauthor. |
|
| 245 | 1 | 0 |
_aConstitucionalización e internacionalización de los derechos a la salud y a la pensión / _cÓscar José Dueñas Ruíz. |
| 264 | 1 |
_aBogotá, D.C. : _bEditorial Universidad del Rosario, _c2012. |
|
| 300 | _a1 online resource. | ||
| 336 |
_atext _btxt _2rdacontent |
||
| 337 |
_acomputer _bc _2rdamedia |
||
| 338 |
_aonline resource _bcr _2rdacarrier |
||
| 490 | 1 | _aColección Textos de jurisprudencia | |
| 504 | _aIncludes bibliographical references. | ||
| 588 | 0 | _aOnline resource; title from PDF title page (Digitalia, viewed September 30, 2017) | |
| 650 | 0 |
_aRight to health _zColombia. |
|
| 650 | 0 |
_aMedical care _xLaw and legislation _zColombia. |
|
| 650 | 0 |
_aSocial security _xLaw and legislation _zColombia. |
|
| 650 | 0 |
_aPensions _xLaw and legislation _zColombia. |
|
| 650 | 0 |
_aConstitutional law _zColombia. |
|
| 655 | 0 | _aElectronic books. | |
| 791 | 2 |
_aDigitalia (Firm), _edistributor. |
|
| 793 | 0 |
_gDigitalia eBook Collection: _aUniversidad del Rosario |
|
| 776 | 0 | 8 |
_iPrint version: _aDueñas Ruiz, Oscar José. _tConstitucionalización e internacionalización de los derechos a la salud y a la pensión. _bPrimera edición. _dBogotá, D.C. : Editorial Universidad del Rosario, [2012] _z9789587382983 _w(DLC) 2013426581 _w(OCoLC)843128629 |
| 830 | 0 | _aColección Textos de jurisprudencia. | |
| 856 | 4 | 0 |
_3Digitalia Hispánica _uhttps://www.digitaliapublishing.com/a/46323/ |
| 910 | _aPremium collection: 2017 | ||
| 942 | _cRAA | ||
| 999 |
_c249536 _d249536 |
||